El cuento y su hora
Sábháilte in:
| Príomhchruthaitheoir: | |
|---|---|
| Formáid: | LEABHAR |
| Teanga: | Spáinnis |
| Foilsithe / Cruthaithe: |
Buenos Aires
La Obra
1900
|
| Ábhair: | |
| Clibeanna: |
Cuir clib leis
Níl clibeanna ann, Bí ar an gcéad duine le clib a chur leis an taifead seo!
|
MARC
| LEADER | 00000nam a2200000 a 4500 | ||
|---|---|---|---|
| 001 | UCY8565 | ||
| 003 | CL-VaPUC | ||
| 008 | 950703e19000000AG |||||||||||||||||spa|d | ||
| 082 | 0 | 4 | |a 371.332 |b HUE |2 21 |
| 100 | 0 | |a Huertas, José Guillermo |e author |9 340033 | |
| 245 | 1 | 3 | |a El cuento y su hora |
| 300 | |a 116 p | ||
| 942 | |c BK | ||
| 945 | |d 19950703 00:00:00 |a cmena | ||
| 260 | |a Buenos Aires |b La Obra |c 1900 | ||
| 650 | 7 | |a DRAMATIZACION METODO DE ENSEÑANZA |2 CL-VaPUC |9 340034 | |
| 650 | 0 | |a Narración de cuentos |9 337545 | |
| 650 | 0 | |a Desarrollo individual |9 307875 | |
| 650 | 0 | |a Escuelas |9 308582 | |
| 650 | 0 | |a Motivación |9 315362 | |
| 583 | |a last modification |c 19950703 00:00:00 |k Rodrigo Vera | ||
| 999 | |c 235798 |d 235796 | ||
| 952 | |0 0 |1 0 |4 0 |6 371_332000000000000_HUE_1900 |7 0 |8 P |9 243443 |a BIBEDU |b BIBEDU |c BIBEDU_PB |d 2019-11-18 |i 1524879 |o 371.332 HUE 1900 |p 1524879 |r 2024-01-25 |w 2019-11-18 |y BK |k EDU | ||